History Quiz

Random History or Sporcle Quiz

History Via Sporcle Quiz Stats

 Plays Quiz Updated Aug 5, 2017

Challenge
Share
Tweet
Embed
Score 0/30 Timer 08:00
2 Plays Today
Hint Answer % Correct
This tanker spilled 240,000 barrels of oil after running aground in Alaska on Mar 24th, 1989Exxon Valdez
74.4%
The greatest Briton, according to the BBCSir Winston Churchill
70.6%
The second man to walk on the moonEdwin 'Buzz' Aldrin
65.3%
The most common first name among US presidentsJames
64.4%
This ancient wonder of the world was located in what is now IraqHanging Gardens of Babylon
61.8%
'Hated for ill' is an anagram of this infamous nameAdolf Hitler
56%
This US Civil War battle occured July 1st-3rd, 1863Battle of Gettysburg
48%
These 2 US presidents died on the same dayJohn Adams and Thomas Jefferson
46.8%
The mayor of New York at the time of the Sept. 11th attacksRudy Giuliani
43.6%
His polio vaccine marked a major step forward in medical historyJonas Salk
40.7%
He explored Florida looking for the fountain of youthJuan Ponce de León
39.6%
The only US President who also served as Chief JusticeWilliam Howard Taft
39.5%
This President of the Democratic Republic of Vietnam died on Sept 2. 1969Hồ Chí Minh
38.2%
She was the first wife of Henry VIIIKatherine of Aragon
37.8%
The only person chosen as Time Person of the Year three timesFranklin Roosevelt
35%
Hint Answer % Correct
This artist gave us 'The Scream'Edvard Munch
34.4%
17 U.S. soldiers were attacked in Yemen, while aboard this vessel on Oct 12th, 2000USS Cole
32.8%
This serial killer was arrested in his Milwaukee apartment on July 22nd, 1991Jeffrey Dahmer
31.3%
The first American city to host the OlympicsSt. Louis
29.6%
The only US president who spoke english as a second languageMartin Van Buren
29.3%
Martin Luther King Jr.'s assassinJames Earl Ray
29.2%
This war took place from 1853-1856Crimean War
23%
This country derives its name from an Arabic term meaning 'land of the blacks'Sudan
22.7%
Beginning in July 1942, this is often considered to be the bloodiest battle in the history of warBattle of Stalingrad
21.4%
This treaty ended the war of 1812Treaty of Ghent
16.4%
This former world leader is credited with the quote 'Glory is fleeting, but obscurity is forever'Napoleon Bonaparte
11.8%
The most recent year in which no Nobel Peace Prize was awarded1972
10.3%
His 'Marathon of Hope' began on Apr 12th, 1980 Terry Fox
8.9%
The first US state to abolish capital punishmentMichigan
6.2%
The original year of the 4 Roman emperors69 AD
4.6%

You're not logged in!

Compare scores with friends on all Sporcle quizzes.
OR
Log In

You Might Also Like...

Show Comments

Extras

Top Quizzes Today


Score Distribution

Your Account Isn't Verified!

In order to create a playlist on Sporcle, you need to verify the email address you used during registration. Go to your Sporcle Settings to finish the process.

Report this User

Report this user for behavior that violates our Community Guidelines.

Details: